Villes d’Afrique - Mort subite - Statistiques

Statistiques générales
  • Ce quiz a été pris 294 fois
  • Le résultat moyen est 15 sur 22
Answers on the Grid
Answers color-coded by a green-red scale on the quiz's grid according to % correct below.
Dakar
Nairobi
Khartoum
Munich
Nevers
Djeddah
Bamako
Conakry
Tombouctou
Antananarivo
Maputo
Constantine
Ürümqi
Alep
Helsinki
Fort-de-France
Catane
Ouarzazate
Dar es Salam
Yamoussoukro
Luanda
Douala
San-Pédro
Tripoli
Johannesbourg
Brazzaville
Saint-Étienne
Locmariaquer
Dubaï
Agadir
Niamey
Lomé
Djibouti
Caracas
Bagdad
Pristina
 
Statistiques - réponses
Réponse % Correct
Dakar
84%
Bamako
83%
Nairobi
81%
Brazzaville
80%
Djibouti
80%
Johannesbourg
77%
Yamoussoukro
77%
Agadir
75%
Tombouctou
73%
Tripoli
73%
Conakry
71%
Lomé
71%
Douala
70%
Niamey
70%
Ouarzazate
70%
Khartoum
68%
Luanda
68%
Maputo
66%
Antananarivo
65%
Dar es Salam
64%
Constantine
52%
San-Pédro
21%
Aucun quiz correspondant
Distribution des résultats
% des personnes avec chaque résultat
Percentile par nombre de réponses
Votre historique - résultats
Vous n’avez pas pris ce quiz